| 000 | 00456nam a22001937a 4500 | ||
|---|---|---|---|
| 003 | CEME | ||
| 005 | 20210628202908.0 | ||
| 008 | 210119b xxu||||| |||| 00| 0 eng d | ||
| 020 | _a81-7319-698-2 | ||
| 040 | _c. | ||
| 082 | _a530 MUK | ||
| 100 |
_aMukherji, Uma _962204 |
||
| 245 | _aEngineering physics | ||
| 250 | _a2ND | ||
| 260 |
_aNEW DELHI _bNAROSA _c2007 |
||
| 300 | _aXVIII,412 P | ||
| 650 |
_aENGINEERING PHYSICS _961374 |
||
| 942 |
_cBK _2ddc |
||
| 999 |
_c571386 _d571386 |
||